000
00296nam a2200133Ia 4500
008
240624s9999 xx 000 0 und d
041
_a
eng
082
_a
823 WOO
100
_a
WOOD NORWEGIAN
245
_a
NORWEGIAN WOOD
260
_c
2003
_a
London
_b
Vintage
300
_a
389 : p.
365
_c
RS
999
_c
27842
_d
27842